Booker T. Washington.
Guardat en:
| Autor principal: | |
|---|---|
| Format: | Llibre |
| Idioma: | English |
| Publicat: |
Englewood Cliffs, N.J.,
Prentice-Hall
[1969]
|
| Col·lecció: | Great lives observed
A Spectrum book. |
| Matèries: |
| LEADER | 00903nam a2200253 4500 | ||
|---|---|---|---|
| 001 | c000350943 | ||
| 003 | CARM | ||
| 005 | 00000000000000.0 | ||
| 008 | 690505s1969 nju b 00100beng | ||
| 019 | 1 | |a 34226 |5 LACONCORD2021 | |
| 035 | |a (OCoLC)5309 |5 LACONCORD2021 | ||
| 050 | 0 | 0 | |a E185.97 |b .W277 |
| 100 | 1 | |a Thornbrough, Emma Lou. |e comp. | |
| 245 | 0 | 0 | |a Booker T. Washington. |
| 260 | |a Englewood Cliffs, N.J., |b Prentice-Hall |c [1969] | ||
| 300 | |a vii, 184 p. |c 22 cm. | ||
| 490 | 0 | |a Great lives observed | |
| 490 | 0 | |a A Spectrum book. | |
| 504 | |a "Bibliographical note": p. 178-182. | ||
| 600 | 1 | 0 | |a Washington, Booker T., |d 1856-1915. |
| 852 | 8 | |b CARM |h A1:AP37B0 |i B07977 |p 0354998 |f BK | |
| 082 | 0 | 4 | |a 301.451/96/024 |
| 999 | f | f | |i 21bd7f6f-9c2b-5bf5-abc4-45a4fcae2ad5 |s b6618b78-32dc-5adf-af00-b7739fe9eaa5 |
| 952 | f | f | |p Can circulate |a CAVAL |b CAVAL |c CAVAL |d CARM 1 Store |e B07977 |f A1:AP37B0 |h Other scheme |i book |m 0354998 |